[Event "COL-ch sf"]
[Site "Pereira"]
[Date "2024.03.31"]
[Round "10"]
[White "Gonzalez Velasco, Leandro"]
[Black "Duque Vasquez, David"]
[Result "1/2-1/2"]
[WhiteElo "1971"]
[BlackElo "1875"]
[PlyCount "75"]
[EventDate "2024.03.26"]
[EventType "swiss"]
[EventRounds "11"]
[EventCountry "COL"]
[SourceTitle "CB14_2024"]
[SourceDate "2024.04.01"]
[SourceVersion "1"]
[SourceVersionDate "2024.04.01"]
[SourceQuality "1"]

1. e4 e5 2. Nf3 Nc6 3. Bb5 a6 4. Ba4 b5 5. Bb3 Nf6 6. 0-0 Be7 7. Re1 d6 8. c3 0-0 9. h3 Na5 10. Bc2 c5 11. d4 Nd7 12. Nbd2 exd4 13. cxd4 Nc6 14. d5 Nce5 15. Nxe5 Nxe5 16. f4 Ng6 17. Nf3 Bh4 18. Nxh4 Qxh4 19. f5 Ne5 20. Rf1 a5 21. Bf4 c4 22. Qd4 Qe7 23. Be3 Bd7 24. f6 gxf6 25. Bh6 Rfc8 26. Qf2 b4 27. Qxf6 Qxf6 28. Rxf6 c3 29. b3 a4 30. Rc1 Ra6 31. Bf4 Rca8 32. Bxe5 dxe5 33. Rxa6 Rxa6 34. Kf2 axb3 35. Bxb3 Kf8 36. Ke3 Ke7 37. Rc2 h5 38. Rf2 1/2-1/2

[Event "ARG-ch U18"]
[Site "Ibague"]
[Date "2024.03.15"]
[Round "2"]
[White "Duran Cardoso, Nicolas"]
[Black "Gonzalez Velasco, Leandro"]
[Result "1/2-1/2"]
[WhiteElo "1738"]
[BlackElo "1971"]
[PlyCount "136"]
[EventDate "2024.03.14"]
[EventType "swiss"]
[EventRounds "7"]
[EventCountry "COL"]
[SourceTitle "CB12_2024"]
[SourceDate "2023.10.01"]
[SourceVersion "1"]
[SourceVersionDate "2023.10.01"]
[SourceQuality "1"]

1. d4 Nf6 2. c4 c5 3. d5 e6 4. Nc3 exd5 5. cxd5 d6 6. e4 g6 7. Be2 Bg7 8. f4 0-0 9. Nf3 Re8 10. e5 Nh5 11. 0-0 dxe5 12. fxe5 Bxe5 13. Nxe5 Rxe5 14. d6 Be6 15. Bxh5 Rxh5 16. Ne4 Nd7 17. b3 Qh4 18. Bf4 Bd5 19. Nc3 Bxg2 20. Kxg2 Qh3+ 21. Kg1 Qxc3 22. Rc1 Qf6 23. Bg3 Rf5 24. Qe2 Qe6 25. Qb5 Qe3+ 26. Kg2 Qe4+ 27. Kg1 Qd4+ 28. Kg2 Qd5+ 29. Kg1 Rd8 30. Rce1 Qd4+ 31. Kg2 Qd2+ 32. Kg1 Qd4+ 33. Kg2 Rxf1 34. Kxf1 Qd5 35. Re7 Qf3+ 36. Kg1 Qd1+ 37. Kf2 Qd4+ 38. Kf1 Qa1+ 39. Re1 Qf6+ 40. Kg2 h5 41. h4 b6 42. Re7 Nf8 43. Qc6 Ne6 44. Re8+ Rxe8 45. Qxe8+ Kg7 46. Qe7 Qd4 47. d7 Qd5+ 48. Kh2 b5 49. Bd6 Qd2+ 50. Kg1 Qe1+ 51. Kh2 Qe2+ 52. Kg1 Qd1+ 53. Kh2 Qc2+ 54. Kg3 Qc3+ 55. Kh2 Qc2+ 56. Kg3 Qd3+ 57. Kh2 Qe2+ 58. Kg1 Qg4+ 59. Kh2 Qe2+ 60. Kg1 Qe3+ 61. Kf1 c4 62. d8Q Qf3+ 63. Kg1 Nxd8 64. Qxd8 Qg4+ 65. Kf2 Qd4+ 66. Kf3 Qd3+ 67. Kf2 Qc2+ 68. Kf3 Qd3+ 1/2-1/2

[Event "ARG-ch U18"]
[Site "Ibague"]
[Date "2024.03.15"]
[Round "3"]
[White "Gonzalez Velasco, Leandro"]
[Black "Castro Castro, Joaquin"]
[Result "1/2-1/2"]
[WhiteElo "1971"]
[BlackElo "1967"]
[PlyCount "108"]
[EventDate "2024.03.14"]
[EventType "swiss"]
[EventRounds "7"]
[EventCountry "COL"]
[SourceTitle "CB12_2024"]
[SourceDate "2023.10.01"]
[SourceVersion "1"]
[SourceVersionDate "2023.10.01"]
[SourceQuality "1"]

1. e4 c5 2. Nf3 d6 3. d4 cxd4 4. Nxd4 Nf6 5. Bd3 Nc6 6. Nxc6 bxc6 7. b3 g6 8. Bb2 Bg7 9. 0-0 0-0 10. Nc3 Nd7 11. Na4 Bxb2 12. Nxb2 Nc5 13. Qf3 Qc7 14. Qe3 Ba6 15. Rfe1 Bxd3 16. cxd3 Ne6 17. d4 c5 18. d5 Nd4 19. Rac1 Qb7 20. Nd3 a5 21. h4 Rae8 22. Qh6 e6 23. Qd2 exd5 24. e5 dxe5 25. Rxc5 f6 26. Qxa5 Ra8 27. Qd2 Rfd8 28. f4 e4 29. Nb4 Rab8 30. Qxd4 Qxb4 31. Rd1 Qxd4+ 32. Rxd4 Rbc8 33. Rxc8 Rxc8 34. Rxd5 Rc2 35. a4 e3 36. Kf1 Rf2+ 37. Ke1 Rxf4 38. a5 Rf2 39. b4 Ra2 40. Rd3 Ra4 41. Rd8+ Kf7 42. Rb8 f5 43. g3 Ke6 44. Ke2 Ra3 45. Rb6+ Kd5 46. Kf3 Kc4 47. a6 Kd3 48. Rd6+ Kc4 49. Rb6 Kd3 50. Rd6+ Kc4 51. Rb6 Kd3 52. b5 e2 53. Rd6+ Kc4+ 54. Kxe2 Kxb5 1/2-1/2

[Event "COL-ch U20"]
[Site "Cali"]
[Date "2024.03.02"]
[Round "6"]
[White "Gonzalez Velasco, Leandro"]
[Black "Ayala Delgado, Sergio Alejandro"]
[Result "1-0"]
[WhiteElo "1952"]
[BlackElo "2089"]
[PlyCount "43"]
[EventDate "2024.02.28"]
[EventType "swiss"]
[EventRounds "9"]
[EventCountry "COL"]
[SourceTitle "CB11_2024"]
[SourceDate "2024.03.13"]
[SourceVersion "1"]
[SourceVersionDate "2024.03.13"]
[SourceQuality "1"]

1. e4 e5 2. Nf3 Nf6 3. d4 Nxe4 4. Bd3 Nc6 5. Nxe5 d5 6. Nc3 Bb4 7. Nxc6 bxc6 8. 0-0 Bf5 9. Qf3 Nxc3 10. Qxf5 Nb5 11. a4 Nxd4 12. Qg4 Bc5 13. b4 Bb6 14. a5 Ne6 15. axb6 cxb6 16. Bb2 Qd6 17. Rfe1 Kd8 18. Bxg7 Rg8 19. Bf6+ Kd7 20. Rxa7+ Qc7 21. Rxc7+ Kxc7 22. Be5+ 1-0

[Event "COL-ch U20"]
[Site "Cali"]
[Date "2024.03.01"]
[Round "4"]
[White "Gonzalez Velasco, Leandro"]
[Black "Cano Alcaraz, Juan Jose"]
[Result "1-0"]
[WhiteElo "1952"]
[BlackElo "1764"]
[PlyCount "61"]
[EventDate "2024.02.28"]
[EventType "swiss"]
[EventRounds "9"]
[EventCountry "COL"]
[SourceTitle "CB11_2024"]
[SourceDate "2024.03.13"]
[SourceVersion "1"]
[SourceVersionDate "2024.03.13"]
[SourceQuality "1"]

1. e4 e5 2. Nf3 Nc6 3. Bb5 a6 4. Ba4 Nf6 5. 0-0 Be7 6. Re1 b5 7. Bb3 d6 8. c3 0-0 9. h3 Bb7 10. d4 Re8 11. Nbd2 Bf8 12. a3 Nb8 13. Ng5 Re7 14. Ndf3 h6 15. dxe5 hxg5 16. exf6 gxf6 17. Nxg5 fxg5 18. Bxg5 Nd7 19. Qg4 Bg7 20. Qh4 Kf8 21. e5 dxe5 22. f4 Nc5 23. Rxe5 Qd2 24. Bxe7+ Kg8 25. Rg5 Ne4 26. Rxg7+ Kxg7 27. Qg4+ Kh6 28. Bxf7 Qf2+ 29. Kh2 Qb6 30. Rd1 Bc8 31. Bf8+ 1-0

[Event "Cali Valle Colombia op-A"]
[Site "Cali Valle Colombia"]
[Date "2022.12.29"]
[Round "8"]
[White "Gonzalez Velasco, Leandro"]
[Black "Lopez Ramirez, David Santiago"]
[Result "0-1"]
[WhiteElo "1937"]
[BlackElo "2089"]
[PlyCount "128"]
[EventDate "2022.12.26"]
[EventType "swiss"]
[EventRounds "9"]
[EventCountry "COL"]
[SourceTitle "CBM 211 Extra"]
[Source "ChessBase"]
[SourceDate "2023.01.31"]
[SourceVersion "1"]
[SourceVersionDate "2023.01.31"]
[SourceQuality "1"]

1. e4 c5 2. Nf3 Nc6 3. d4 cxd4 4. Nxd4 e6 5. Nc3 d6 6. Be3 Nf6 7. Be2 Be7 8. 0-0 0-0 9. Nb3 a6 10. a4 b6 11. f4 Bb7 12. Bf3 Qc7 13. Qe2 Na5 14. Nxa5 bxa5 15. Bd4 Rab8 16. Rab1 e5 17. Be3 Rfc8 18. fxe5 dxe5 19. Bg5 h6 20. Bxf6 Bxf6 21. Nd5 Bxd5 22. exd5 Qxc2 23. Qxa6 e4 24. Bg4 Qc5+ 25. Kh1 Rd8 26. Qe2 Qxd5 27. Rbe1 Re8 28. Rf5 Qd4 29. Rb5 Qxa4 30. Rxb8 Rxb8 31. Qxe4 Qxe4 32. Rxe4 Bxb2 33. Kg1 g6 34. Ra4 Rb4 35. Rxb4 axb4 36. Bd1 Kg7 37. Kf2 f5 38. Kf3 Kf6 39. Bb3 Bc1 40. Bc2 g5 41. g4 fxg4+ 42. Kxg4 Ke5 43. Kh5 Kf4 44. Bd1 Be3 45. Kxh6 Bg1 46. h3 Bf2 47. Kh5 Bh4 48. Bb3 Ke3 49. Kg4 Kd2 50. Kf3 Kc3 51. Ba4 b3 52. Bd7 b2 53. Bf5 Kd2 54. Bg6 Kc1 55. Ke2 b1Q 56. Bxb1 Kxb1 57. Kd1 Kb2 58. Kd2 Bf2 59. Ke2 Bg3 60. Kf3 Bh4 61. Ke3 Kc3 62. Ke2 Kd4 63. Kd2 Ke4 64. Ke2 Kf4 0-1

[Event "Cali Valle Colombia op-A"]
[Site "Cali Valle Colombia"]
[Date "2022.12.27"]
[Round "4"]
[White "Gonzalez Velasco, Leandro"]
[Black "Cruz, Cristhian"]
[Result "0-1"]
[WhiteElo "1937"]
[BlackElo "2532"]
[PlyCount "80"]
[EventDate "2022.12.26"]
[EventType "swiss"]
[EventRounds "9"]
[EventCountry "COL"]
[SourceTitle "CBM 211 Extra"]
[Source "ChessBase"]
[SourceDate "2023.01.31"]
[SourceVersion "1"]
[SourceVersionDate "2023.01.31"]
[SourceQuality "1"]

1. e4 c5 2. Nf3 Nc6 3. d4 cxd4 4. Nxd4 g6 5. Nc3 Bg7 6. Be3 Nf6 7. Bc4 Qa5 8. 0-0 0-0 9. Bb3 d6 10. f3 Bd7 11. Qd2 Rfc8 12. Nxc6 Bxc6 13. Rad1 b5 14. Bd4 Qc7 15. Rfe1 a5 16. a4 bxa4 17. Nxa4 Nd7 18. Bxg7 Kxg7 19. Qd4+ Kg8 20. Re3 Rab8 21. Rc3 Rb4 22. Rc4 Rcb8 23. Ra1 Ne5 24. Rxb4 Rxb4 25. Qf2 Bxa4 26. Rxa4 Nd3 27. cxd3 Rxb3 28. Rc4 Qb7 29. Qc2 Rxb2 30. Rc8+ Kg7 31. Qc3+ e5 32. h4 Qb6+ 33. d4 Qxd4+ 34. Qxd4 exd4 35. Rc6 d3 36. Rxd6 d2 37. Kf1 a4 38. Ke2 a3 39. Ra6 a2 40. Ra3 Rb1 0-1

[Event "Cali Valle Colombia op-A"]
[Site "Cali Valle Colombia"]
[Date "2022.12.26"]
[Round "1"]
[White "Malka, Samuel"]
[Black "Gonzalez Velasco, Leandro"]
[Result "1/2-1/2"]
[WhiteElo "2265"]
[BlackElo "1937"]
[PlyCount "127"]
[EventDate "2022.12.26"]
[EventType "swiss"]
[EventRounds "9"]
[EventCountry "COL"]
[SourceTitle "CBM 211 Extra"]
[Source "ChessBase"]
[SourceDate "2023.01.31"]
[SourceVersion "1"]
[SourceVersionDate "2023.01.31"]
[SourceQuality "1"]

1. d4 Nf6 2. c4 g6 3. Nc3 Bg7 4. e4 d6 5. Nf3 0-0 6. Be2 e5 7. 0-0 c6 8. d5 Na6 9. Qc2 c5 10. Ne1 Ne8 11. a3 f5 12. Nd3 f4 13. f3 h5 14. Kh1 Nf6 15. Bd2 g5 16. g3 fxg3 17. hxg3 Qd7 18. Nf2 Bh6 19. Kg2 Qg7 20. Rh1 Bd7 21. Nb5 Bxb5 22. cxb5 Nb8 23. Be3 Nbd7 24. Qd2 Qg6 25. a4 Rf7 26. a5 Rh7 27. Ra4 Kh8 28. Kf1 g4 29. fxg4 Bxe3 30. Qxe3 Nxg4 31. Bxg4 hxg4 32. Rxh7+ Kxh7 33. Qe2 Rf8 34. Kg2 Nf6 35. Ra1 Kg7 36. Rh1 Rh8 37. Rxh8 Kxh8 38. Qc4 Qg5 39. Qc3 Kh7 40. Kf1 Kh6 41. Ke2 Qg6 42. Qe3+ Qg5 43. Nd3 Nh5 44. Qxg5+ Kxg5 45. Kf2 Nf6 46. Ke3 Nh5 47. Kf2 Kf6 48. b3 Ke7 49. Nc1 Nf6 50. Ke3 Nh5 51. Ne2 Kd7 52. Kd3 Nf6 53. Nc3 Nh5 54. Ne2 Nf6 55. Nc3 Nh5 56. Ne2 Nf6 57. Nc3 Nh5 58. Nd1 Nxg3 59. Ne3 Nh5 60. Nxg4 Nf4+ 61. Kc4 Ne2 62. b4 cxb4 63. Kxb4 Ng3 64. Nf2 1/2-1/2

[Event "Palmira Fortalece Sede"]
[Site "Palmira"]
[Date "2022.12.17"]
[Round "8"]
[White "Mogollon Tobar, Nicolle Juliet"]
[Black "Gonzalez Velasco, Leandro"]
[Result "1-0"]
[WhiteElo "1899"]
[BlackElo "1937"]
[PlyCount "115"]
[EventDate "2022.12.13"]
[EventType "swiss"]
[EventRounds "10"]
[EventCountry "COL"]
[SourceTitle "CBM 211 Extra"]
[Source "ChessBase"]
[SourceDate "2023.01.31"]
[SourceVersion "1"]
[SourceVersionDate "2023.01.31"]
[SourceQuality "1"]

1. e4 c5 2. Nf3 d6 3. d4 cxd4 4. Nxd4 Nf6 5. Nc3 Nc6 6. f3 e5 7. Nb3 Be7 8. Be3 0-0 9. Qd2 a5 10. Bb5 Na7 11. Bd3 Be6 12. Rd1 Nc8 13. 0-0 Nb6 14. Qf2 Nc4 15. Bxc4 Bxc4 16. Rfe1 Qc8 17. a4 Qc6 18. Nd2 Be6 19. Ndb1 Rfc8 20. Rd2 Nd7 21. Red1 Nc5 22. b3 Na6 23. Nb5 Rd8 24. Na7 Qe8 25. Kh1 Nb4 26. Nc3 f5 27. Nd5 Bxd5 28. exd5 Rd7 29. f4 Qh5 30. Rf1 e4 31. Nb5 Qf7 32. Rfd1 Qh5 33. Na3 Rc8 34. Nc4 Rdc7 35. Qf1 Na2 36. Bb6 Rxc4 37. bxc4 Nc3 38. Re1 Nxa4 39. Bd4 Nc5 40. Rb1 a4 41. Bxc5 Rxc5 42. Rxb7 Bf6 43. Ra7 Bc3 44. Rf2 Bd4 45. Qb1 Rc8 46. Rf1 Bxa7 47. Qb7 Rxc4 48. Qa8+ Kf7 49. Qxa7+ Kg6 50. Qa6 Qe2 51. Qxd6+ Kh5 52. Rg1 Rxc2 53. g4+ fxg4 54. Qe5+ Kg6 55. Qe6+ Kh5 56. Qf5+ Kh4 57. Qg5+ Kh3 58. Rg3# 1-0

[Event "Jamundi Fortalece Sede op"]
[Site "Jamundi"]
[Date "2022.12.10"]
[Round "9"]
[White "Mora Munoz, Alejandro"]
[Black "Gonzalez Velasco, Leandro"]
[Result "1/2-1/2"]
[WhiteElo "1931"]
[BlackElo "1937"]
[PlyCount "34"]
[EventDate "2022.12.05"]
[EventType "swiss"]
[EventRounds "10"]
[EventCountry "COL"]
[SourceTitle "CBM 211 Extra"]
[Source "ChessBase"]
[SourceDate "2023.01.31"]
[SourceVersion "1"]
[SourceVersionDate "2023.01.31"]
[SourceQuality "1"]

1. e4 c5 2. Nf3 d6 3. d4 cxd4 4. Nxd4 Nf6 5. Nc3 Nc6 6. Bg5 e6 7. Qd2 Be7 8. 0-0-0 0-0 9. f4 Nxd4 10. Qxd4 Qa5 11. e5 dxe5 12. Qxe5 Qxe5 13. fxe5 Nd5 14. Bxe7 Nxe7 15. Bb5 a6 16. Bd7 Rd8 17. Bxc8 Raxc8 1/2-1/2

[Event "Jamundi Fortalece Sede op"]
[Site "Jamundi"]
[Date "2022.12.09"]
[Round "7"]
[White "Gonzalez Velasco, Leandro"]
[Black "Larino Nieto, David"]
[Result "1/2-1/2"]
[WhiteElo "1937"]
[BlackElo "2466"]
[PlyCount "166"]
[EventDate "2022.12.05"]
[EventType "swiss"]
[EventRounds "10"]
[EventCountry "COL"]
[SourceTitle "CBM 211 Extra"]
[Source "ChessBase"]
[SourceDate "2023.01.31"]
[SourceVersion "1"]
[SourceVersionDate "2023.01.31"]
[SourceQuality "1"]

1. e4 d6 2. d4 Nf6 3. Nc3 e5 4. dxe5 dxe5 5. Qxd8+ Kxd8 6. Bd2 Bd6 7. Bc4 Be6 8. Bxe6 fxe6 9. f3 Ke7 10. Nb5 Nc6 11. 0-0-0 a6 12. Nxd6 cxd6 13. Ne2 b5 14. Be3 Rhc8 15. Rd2 Na5 16. b3 Rc6 17. Rhd1 Rac8 18. Kb2 b4 19. Rc1 d5 20. exd5 exd5 21. Bg5 Ke6 22. Re1 Kd6 23. Ng3 h6 24. Bxf6 gxf6 25. Nf5+ Kd7 26. Nxh6 Ke6 27. g4 Nb7 28. Nf5 Rc3 29. h4 Nd6 30. Nxd6 Kxd6 31. Rf1 a5 32. h5 a4 33. Rff2 a3+ 34. Kc1 d4 35. Kd1 Ke6 36. Ke1 Kd5 37. Kf1 Rg8 38. Rd3 Rc7 39. Rg2 Rcg7 40. Rdd2 Rh7 41. Rh2 f5 42. Rdg2 fxg4 43. Rxg4 Rgh8 44. Rg5 Ke6 45. Re2 Rc7 46. Rgxe5+ Kf6 47. Rd5 Rg7 48. Rxd4 Rxh5 49. Rf4+ Rf5 50. Rxf5+ Kxf5 51. Re4 Rh7 52. Rxb4 Rh1+ 53. Ke2 Ra1 54. Ra4 Rxa2 55. Kd3 Ra1 56. Kc3 Ke5 57. Kb4 a2 58. Kc3 Kd5 59. Kb2 Rf1 60. Rxa2 Rxf3 61. Ra4 Kc5 62. Rh4 Rf5 63. b4+ Kb5 64. Kb3 Rf3+ 65. c3 Rg3 66. Rh5+ Kb6 67. Rd5 Rh3 68. Kc4 Rh4+ 69. Rd4 Rh6 70. Rg4 Rf6 71. b5 Ka5 72. Rg5 Rf8 73. Rd5 Rh8 74. Kc5 Rc8+ 75. Kd4 Rh8 76. c4 Kb4 77. b6 Rh4+ 78. Ke5 Kxc4 79. Rd1 Kc5 80. Rb1 Rh8 81. b7 Rb8 82. Ke6 Kc6 83. Kf5 Kd5 1/2-1/2

[Event "Jamundi Fortalece Sede op"]
[Site "Jamundi"]
[Date "2022.12.07"]
[Round "4"]
[White "Gonzalez Velasco, Leandro"]
[Black "Mogollon Tobar, Nicolle Juliet"]
[Result "0-1"]
[WhiteElo "1937"]
[BlackElo "1899"]
[PlyCount "90"]
[EventDate "2022.12.05"]
[EventType "swiss"]
[EventRounds "10"]
[EventCountry "COL"]
[SourceTitle "CBM 211 Extra"]
[Source "ChessBase"]
[SourceDate "2023.01.31"]
[SourceVersion "1"]
[SourceVersionDate "2023.01.31"]
[SourceQuality "1"]

1. e4 e6 2. d4 d5 3. Nd2 Be7 4. Bd3 Nf6 5. e5 Nfd7 6. Ne2 c5 7. c3 Nc6 8. 0-0 g5 9. g4 h5 10. gxh5 Rxh5 11. Ng3 Rh8 12. Nf3 cxd4 13. cxd4 g4 14. Ne1 Nxd4 15. Qxg4 Rh4 16. Qg8+ Nf8 17. Be3 Qc7 18. Rc1 Qxe5 19. Bxd4 Qxd4 20. Bb5+ Bd7 21. Nf3 Qh8 22. Bxd7+ Kxd7 23. Qxf7 Rh7 24. Qf4 Bd6 25. Qa4+ Ke7 26. Qb3 Kd8 27. Rfe1 Qf6 28. Qd3 Rf7 29. Re3 Nd7 30. Rce1 Nc5 31. Qd1 a5 32. Rxe6 Nxe6 33. Qxd5 Nc7 34. Qd3 Ra6 35. Kg2 Ne6 36. Qe4 Nf4+ 37. Kf1 Re7 38. Qc4 Rxe1+ 39. Nxe1 Rc6 40. Qb5 Bb4 41. Ne4 Qh6 42. Ng5 Qxh2 43. Nf7+ Kc8 44. Qf5+ Re6 45. Qc2+ Kb8 0-1

[Event "Jamundi Fortalece Sede op"]
[Site "Jamundi"]
[Date "2022.12.06"]
[Round "3"]
[White "Londono Lopez, Donaldo Eliuver"]
[Black "Gonzalez Velasco, Leandro"]
[Result "1-0"]
[WhiteElo "2057"]
[BlackElo "1937"]
[PlyCount "83"]
[EventDate "2022.12.05"]
[EventType "swiss"]
[EventRounds "10"]
[EventCountry "COL"]
[SourceTitle "CBM 211 Extra"]
[Source "ChessBase"]
[SourceDate "2023.01.31"]
[SourceVersion "1"]
[SourceVersionDate "2023.01.31"]
[SourceQuality "1"]

1. e4 c5 2. Nf3 d6 3. d4 cxd4 4. Nxd4 Nf6 5. Nc3 Nc6 6. Bg5 e6 7. Qd2 Be7 8. 0-0-0 0-0 9. h4 h6 10. Nxc6 bxc6 11. e5 dxe5 12. Bxh6 Qxd2+ 13. Bxd2 Ng4 14. Ne4 f5 15. f3 Nf6 16. Ng5 Nd5 17. c4 Nf4 18. Re1 Nh5 19. Rxe5 Ng3 20. Rg1 Bd6 21. Re1 e5 22. Bd3 Rd8 23. c5 Bc7 24. Bc4+ Kf8 25. Bc3 e4 26. fxe4 Bf4+ 27. Kc2 fxe4 28. Rgf1 Nxf1 29. Rxf1 Ke7 30. Rxf4 Rf8 31. Rxe4+ Kd8 32. Ne6+ Bxe6 33. Rxe6 Rf2+ 34. Re2 Rxe2+ 35. Bxe2 Kd7 36. h5 Rg8 37. g4 Ke7 38. g5 Rf8 39. h6 gxh6 40. gxh6 Rf2 41. h7 Rxe2+ 42. Kd3 1-0

[Event "Sabaneta op-A 1st"]
[Site "Sabaneta"]
[Date "2022.11.27"]
[Round "3"]
[White "Gonzalez Velasco, Leandro"]
[Black "Marin, Sebastian"]
[Result "1-0"]
[WhiteElo "1915"]
[BlackElo "2279"]
[PlyCount "63"]
[EventDate "2022.11.25"]
[EventType "swiss"]
[EventRounds "10"]
[EventCountry "COL"]
[SourceTitle "CBM 211 Extra"]
[Source "ChessBase"]
[SourceDate "2023.01.31"]
[SourceVersion "1"]
[SourceVersionDate "2023.01.31"]
[SourceQuality "1"]

1. e4 e6 2. d4 d5 3. Nd2 Nf6 4. e5 Nfd7 5. Bd3 c5 6. c3 Nc6 7. Ne2 cxd4 8. cxd4 f6 9. exf6 Nxf6 10. Nf3 Bd6 11. 0-0 0-0 12. Bf4 Bxf4 13. Nxf4 Ne4 14. Ne2 Bd7 15. Ne5 Nxe5 16. dxe5 Nxf2 17. Rxf2 Rxf2 18. Kxf2 Qb6+ 19. Ke1 Rf8 20. Qb3 Qf2+ 21. Kd2 Bc6 22. Qb4 a5 23. Qg4 Rf7 24. Qxe6 Qb6 25. b3 Qb4+ 26. Ke3 Qc5+ 27. Nd4 Bd7 28. Qd6 Qc3 29. e6 Rf6 30. Qxd5 Bxe6 31. Nxe6 Qxa1 32. Ng5+ 1-0

[Event "Sabaneta op-A 1st"]
[Site "Sabaneta"]
[Date "2022.11.25"]
[Round "1"]
[White "Herrera, Juan Sebastian"]
[Black "Gonzalez Velasco, Leandro"]
[Result "1-0"]
[WhiteElo "2297"]
[BlackElo "1915"]
[PlyCount "57"]
[EventDate "2022.11.25"]
[EventType "swiss"]
[EventRounds "10"]
[EventCountry "COL"]
[SourceTitle "CBM 211 Extra"]
[Source "ChessBase"]
[SourceDate "2023.01.31"]
[SourceVersion "1"]
[SourceVersionDate "2023.01.31"]
[SourceQuality "1"]

1. d4 Nf6 2. c4 g6 3. Nc3 Bg7 4. e4 d6 5. h3 0-0 6. Be3 c5 7. d5 e6 8. Bd3 exd5 9. exd5 Na6 10. Nf3 Nc7 11. a4 Rb8 12. 0-0 b6 13. Qd2 a6 14. Bg5 Qd7 15. Rfe1 Bb7 16. Rab1 b5 17. cxb5 Nfxd5 18. bxa6 Nxc3 19. bxc3 Bxf3 20. Rxb8 Rxb8 21. Re7 Qxa4 22. Rxc7 Ba8 23. Qf4 Qxf4 24. Bxf4 Rd8 25. Bg5 Re8 26. Bb5 Rb8 27. a7 Rxb5 28. Rc8+ Bf8 29. Bh6 1-0

[Event "COL-chT Blitz"]
[Site "Santa Marta"]
[Date "2022.11.07"]
[Round "7.1"]
[White "Cardoso Cardoso, Jose Gabriel"]
[Black "Gonzalez Velasco, Leandro"]
[Result "1-0"]
[WhiteElo "2484"]
[BlackElo "1946"]
[PlyCount "43"]
[EventDate "2022.11.07"]
[EventType "team-swiss"]
[EventRounds "9"]
[EventCountry "COL"]
[SourceTitle "CBM 211 Extra"]
[Source "ChessBase"]
[SourceDate "2023.01.31"]
[SourceVersion "1"]
[SourceVersionDate "2023.01.31"]
[SourceQuality "1"]
[WhiteTeam "Valle"]
[BlackTeam "Valle II"]
[WhiteTeamCountry "COL"]
[BlackTeamCountry "COL"]

1. d4 Nf6 2. Nc3 d5 3. Bf4 g6 4. e3 Bg7 5. h4 h5 6. Nb5 Na6 7. Nf3 0-0 8. Ne5 c5 9. c3 cxd4 10. exd4 Ng4 11. Nxg4 Bxg4 12. Be2 Bxe2 13. Qxe2 Re8 14. 0-0-0 Qa5 15. Kb1 Rad8 16. g4 hxg4 17. h5 e5 18. dxe5 Nc7 19. Nxc7 Qxc7 20. hxg6 fxg6 21. Qxg4 Kf7 22. e6+ 1-0

[Event "Medellin Raza Cup"]
[Site "Medellin"]
[Date "2022.10.21"]
[Round "5"]
[White "Gonzalez Velasco, Leandro"]
[Black "Velez Alvarez, Laura Camila"]
[Result "1-0"]
[WhiteElo "1948"]
[BlackElo "1798"]
[PlyCount "65"]
[EventDate "2022.10.19"]
[EventType "swiss"]
[EventRounds "10"]
[EventCountry "COL"]
[SourceTitle "EXT 2024"]
[Source "ChessBase"]
[SourceDate "2023.10.10"]
[SourceVersion "1"]
[SourceVersionDate "2023.10.10"]
[SourceQuality "1"]

1. e4 c5 2. Nf3 d6 3. d4 cxd4 4. Nxd4 Nf6 5. Nc3 g6 6. Be3 Bg7 7. f3 0-0 8. Qd2 Nc6 9. 0-0-0 d5 10. exd5 Nxd5 11. Nxc6 bxc6 12. Bd4 e5 13. Bc5 Be6 14. Ne4 Qb8 15. c4 Nb6 16. Qc2 a5 17. g4 a4 18. h4 a3 19. b3 Nd7 20. Be3 Qb4 21. h5 Qe7 22. hxg6 fxg6 23. Ng5 Nf6 24. Bd3 e4 25. Bxe4 Bxg4 26. c5 Bxf3 27. Qc4+ Nd5 28. Nxf3 Rxf3 29. Rxd5 Bb2+ 30. Kb1 cxd5 31. Qxd5+ Kg7 32. Bh6+ Kf6 33. Bg5+ 1-0

[Event "Medellin Raza Cup"]
[Site "Medellin"]
[Date "2022.10.19"]
[Round "1"]
[White "Gonzalez Velasco, Leandro"]
[Black "Cardoso Cardoso, Jose Gabriel"]
[Result "0-1"]
[WhiteElo "1948"]
[BlackElo "2484"]
[PlyCount "54"]
[EventDate "2022.10.19"]
[EventType "swiss"]
[EventRounds "10"]
[EventCountry "COL"]
[SourceTitle "EXT 2024"]
[Source "ChessBase"]
[SourceDate "2023.10.10"]
[SourceVersion "1"]
[SourceVersionDate "2023.10.10"]
[SourceQuality "1"]

1. e4 c5 2. Nf3 d6 3. d4 cxd4 4. Nxd4 Nf6 5. Nc3 a6 6. Bg5 Nbd7 7. f4 Qc7 8. Qf3 b5 9. 0-0-0 Bb7 10. a3 g6 11. Nd5 Nxd5 12. exd5 Bg7 13. f5 Rc8 14. c3 Nf6 15. Bxf6 Bxf6 16. Kb1 Qc5 17. Nb3 Qb6 18. Qd3 Rc4 19. Be2 a5 20. Qf3 Rc8 21. Qd3 Ba6 22. a4 Rxc3 23. bxc3 bxa4 24. c4 axb3 25. Rd2 a4 26. Bd1 Qb4 27. fxg6 hxg6 0-1

[Event "Ibague op"]
[Site "Ibague"]
[Date "2022.10.08"]
[Round "8"]
[White "Gonzalez Velasco, Leandro"]
[Black "Pardo Sierra, Aurelio"]
[Result "0-1"]
[WhiteElo "1948"]
[BlackElo "1949"]
[PlyCount "162"]
[EventDate "2022.10.05"]
[EventType "swiss"]
[EventRounds "10"]
[EventCountry "COL"]
[SourceTitle "CBM 210 Extra"]
[Source "ChessBase"]
[SourceDate "2022.11.30"]
[SourceVersion "1"]
[SourceVersionDate "2022.11.30"]
[SourceQuality "1"]

1. e4 c6 2. Nf3 d5 3. Nc3 Bg4 4. h3 Bxf3 5. Qxf3 Nf6 6. d4 e6 7. Bd3 Be7 8. 0-0 a6 9. a4 a5 10. Bf4 Na6 11. exd5 cxd5 12. Bb5+ Kf8 13. Ne2 Bd6 14. c3 Qc7 15. Rfe1 h6 16. Rac1 Bxf4 17. Nxf4 Qd6 18. c4 Nb4 19. c5 Qb8 20. Nd3 Nxd3 21. Bxd3 Ke7 22. Rc3 Rc8 23. Rb3 Qc7 24. Rb5 Rcb8 25. Qg3 Qxg3 26. fxg3 Kd7 27. Rc1 Kc7 28. Kf2 Ng8 29. Ke3 Ne7 30. Rb3 Nc6 31. Bb5 Nb4 32. Rf1 Rf8 33. Kd2 Kd8 34. g4 Rc8 35. h4 Rc7 36. g5 hxg5 37. hxg5 f6 38. Rh3 Re7 39. g6 e5 40. dxe5 Rxe5 41. Bd3 Rfe8 42. Rf2 Kc7 43. g4 R8e7 44. Rf5 Kc6 45. Rxe5 fxe5 46. Bf5 Kxc5 47. Rh8 e4 48. Rc8+ Kd6 49. Rd8+ Ke5 50. Rf8 d4 51. Rf7 Nd5 52. g5 Rc7 53. Bd7 Kd6 54. Rxg7 Rxd7 55. Rh7 e3+ 56. Kd3 Nf4+ 57. Kxd4 e2 58. Rxd7+ Kxd7 59. g7 Ne6+ 60. Kd3 Nxg7 61. Kxe2 Kd6 62. Kd3 Kc5 63. Kc3 Nf5 64. Kb3 Kd4 65. Ka3 Kc4 66. b3+ Kc3 67. Ka2 Nh4 68. Ka3 Ng6 69. Ka2 Nf8 70. Ka3 b6 71. Ka2 Kd4 72. Kb2 Kc5 73. Kc3 Ng6 74. Kb2 Kb4 75. Ka2 Kc3 76. Ka3 Nf4 77. Ka2 Kc2 78. Ka3 Nd3 79. g6 Nb4 80. g7 Kb1 81. g8B Nc2# 0-1